000 00395nam a2200157Ia 4500
008 090124s9999 xx 000 0 und d
082 _b127467
245 _a भुवन शोम
250 _a1
260 _c1997
300 _a96
630 _a भुवन शोम
700 _aमहाम्बरे अरुंधती
730 _a भुवन शोम
942 _cBOOK
999 _c173556
_d173556